=LDR 00000nam 2200000 4500 =001 NUTBA000000000004485 =005 20140915141729.0 =006 =007 =008 =020 ##$$a 979-795-520-6 =035 ##$$a 0010-091400000000518 =040 ##$$a NBPDMAT =082 ##$$a 540.7 =090 ##$$a 540.7 $b Tit m =100 ##$$a Titah Dewi Rahadian =245 ##$$a Metode the king kimia ala tentor / $c Titah Dewi Rahadian ; penyunting, Tim Supervisi Forum Edukasi =250 ##$$a Cet.4 =260 ##$$a Jakarta : $b Wahyu Media, $c 2013 =300 ##$$a iv, 207 hlm. ; $c 18 cm. =500 ##$$a Bibliografi : hlm. 287 =650 ##$$a Kimia SMA-Ujian, Soal dsb =850 ##$$a NBPDMAT =990 ##$$a 21408527 =990 ##$$a 0001/BPAP-NTB/20142014 =990 ##$$a 0001/BPAP-NTB/20142014